15 Länder, die pro Kopf den meisten Wein trinken - Statistiken

Allgemein
  • Dieses Quiz wurde 349 mal gespielt
  • Das Durchschnittsergebnis liegt bei 8 aus 15
Antwortstatistiken
Liter pro Kopf Länder % Korrekt
43.1 Frankreich
98%
34.1 Italien
98%
43.7 Portugal
83%
37 Schweiz
78%
28.5 Griechenland
77%
29.4 Österreich
77%
46.9 Kroatien
61%
42.5 Slowenien
49%
27.4 Rumänien
48%
25.7 Schweden
44%
56.9 Andorra
42%
56.2 Vatikanstadt
36%
40.4 Mazedonien
24%
30.7 Moldawien
24%
28.1 Uruguay
5%
Keine übereinstimmenden Quizze gefunden
Verteilung der Resultate
Anzahl Personen mit jedem Resultat
Perzentil nach korrekt beantworteten Fragen
Ihre Resultats-Entwicklung
Sie haben dieses Quiz noch nicht gespielt